Integer programming /

Guardado en:
Autor Principal: Wolsey, Laurence A.
Formato: Libro
Idioma:English
Publicado: New York : Wiley, c1998.
Series:Wiley-Interscience series in discrete mathematics and optimization
Materias:
Acceso en línea:Biografía del autor
Descripción
Tabla de contenido
Etiquetas: Agregar Etiqueta
Sin Etiquetas, Sea el primero en etiquetar este registro!
LEADER 01098cam a22002655a 4500
001 EIQ.libpla002364
008 980410s1998####nyua#####b####001#0#eng#d
005 20070706175550.0
245 1 0 |a Integer programming /  |c Laurence A. Wolsey. 
260 |a New York :  |b Wiley,  |c c1998. 
300 |a xviii, 264 p. :  |b il. ;  |c 25 cm. 
440 0 |a Wiley-Interscience series in discrete mathematics and optimization 
500 |a "A Wiley-Interscience publication." 
504 |a Incluye referencias bibliográficas (p. 245-260) e índice. 
020 |a 0471283665 (alk. paper) 
100 1 |a Wolsey, Laurence A. 
082 0 0 |a 519.7/7  |2 21 
650 4 |a Matemática  |x Programación entera. 
650 4 |a Mathematical  |x Integer programming. 
010 |a  98007296  
040 |a DLC  |c DLC  |d AR-BbSID 
856 4 2 |3 Biografía del autor  |u http://www.loc.gov/catdir/bios/wiley047/98007296.html 
856 4 2 |3 Descripción  |u http://www.loc.gov/catdir/description/wiley032/98007296.html 
856 4 |3 Tabla de contenido  |u http://www.loc.gov/catdir/toc/onix02/98007296.html 
859 |a AR-BbSID  |b BIB. PLAPIQUI  |h 519.77  |i W 888  |p 5974